| 000 | 01137nam a22002777a 4500 | ||
|---|---|---|---|
| 003 | dpl | ||
| 005 | 20180716132041.0 | ||
| 008 | 180716b xxu||||| |||| 00| 0 eng d | ||
| 010 | _aA-990029 | ||
| 020 |
_c125.00 _a8170556872 |
||
| 035 | _aA-990029, A-990033 | ||
| 037 | _bCen Lib/Ret | ||
| 040 |
_aDPL _bHN _c0 |
||
| 082 |
_aक _bवर्मासु |
||
| 100 |
_aवर्मा, सुरेन्द्र _963055 |
||
| 245 |
_aप्यार की बातें तथा अन्य कहानियां / _cसुरेन्द्र वर्मा |
||
| 246 |
_aPyar ki baten tatha nya kahaniyan / _bby Surendra Varma |
||
| 260 |
_aनई दिल्ली _bवाणी प्रकाशन _c1999 |
||
| 270 |
_bनई दिल्ली _a21, दरयागंज _e110002 |
||
| 300 |
_a127पृ. _c19सेमी (सजिल्द) |
||
| 650 |
_aहिन्दी साहित्य _963056 |
||
| 650 |
_a हिंदी कहानियां _92082 |
||
| 650 |
_aHindi literature _963057 |
||
| 650 |
_aHindi stories _963058 |
||
| 942 |
_2ddc _cHN _hक _mवर्मासु |
||
| 999 |
_c115749 _d115749 |
||